| 000 | 01154njm a2200337 c 4500 | ||
|---|---|---|---|
| 003 | BLK | ||
| 005 | 20180421002343.0 | ||
| 008 | 180410b bul||n||s|||||||| n|bulo| | ||
| 010 | _aCDD00001045000 | ||
| 040 | _aBLK | ||
| 041 |
_aDEU _cDEU |
||
| 080 |
_aПредставления и представяне на произведения на изкуството _b7.091 _x(282.243.7-0) _z7.091(282.243.7-0) |
||
| 139 |
_aDonumenta 2003-2007 [DVD видео] _bD 72 |
||
| 245 | 1 | 0 |
_aDonumenta 2003-2007 [DVD видео] _bInternationaler Ankerplatz fur Kunst und Kultur der Donaulander |
| 257 | _aDEU | ||
| 260 |
_аRegensburg _bDonumenta _c2008 |
||
| 300 |
_c12 cm. _fбр. в к-т _g1 CD |
||
| 306 | _a61мин. 51сек. | ||
| 380 | _a7 | ||
| 500 | _awww.donumenta.de | ||
| 650 | 4 |
_aИзкуство - Дунавски страни _9354133 |
|
| 653 | _aизкуство | ||
| 653 | _aдунавски страни | ||
| 653 | _aпърформанс | ||
| 653 | _aакции | ||
| 852 |
_aЦб CD 2515 _p0 |
||
| 856 | 4 |
_qpdf _u |
|
| 856 | 4 |
_qpdf _u |
|
| 942 |
_cCDD _n0 |
||
| 944 |
_aCR _c03.05.2010 _kТеодора_Стоянова |
||
| 944 |
_aED _c07.05.2015 _k |
||
| 999 |
_c218544 _d218544 |
||